007690000a220009700045001000026000002450109000263000048001355000053001835200390002367730045006261 aZapata León, Sergio10a¿Cómo vive un bibliotecario en Colombia? : 531 bibliotecarios de todo el país aterrizan en Bogotá aVol.0, núm.7 (Abril, 2006), Páginas 8-9 aPeriodista y profesional en estudios literarios. aEl próximo 24 de abril 531 bibliotecarios del país vendrán a Bogotá para participar en el 7º Congreso Nacional de Lectura en la Feria del Libro de Bogotá. A pesar del esfuerzo del Plan Nacional de Lectura y Bibliotecas que ha llegado a 566 municipios, muchos de ellos viven situaciones absurdas, o son mirados con extrañeza. ¿Quienes son los bibliotecarios en Colombia?0 tArcadia / Andrés Felipe Solano, Editor